000 00746nam a2200193 a 4500
001 000020527
005 20240311204353.0
008 130417s1982 dr 000 0 spa d
040 _aDO-SdBNP
_bspa
_cBNPHU
082 _axxx
_bxxx
245 0 0 _aBienes nacionales :
_bbase legal /
_cInstituto de Capacitación Tributaria de la Secretaría de Estado de Finanzas ; presentación Frinette Torres de Urtecho.
260 _aSanto Domingo :
_b(INCAT) ,
_c1982.
300 _a114 p. ;
_c21 cm.
490 1 _aSerie legislativa ;
_v10 ;
590 _aInventariado, 2019/ YL
700 1 _aTorres de Urtecho, Frinette
_epres.
_935883
710 2 _aInstituto de Capacitación Tributaria (República Dominicana)
_973226
830 0 _aSerie legislativa
_n10
_943249
999 _c20031
_d20031